| 000 | 01328nam a2200217Ia 4500 | ||
|---|---|---|---|
| 001 | 16907 | ||
| 003 | GE_BSU | ||
| 008 | 181216s||||||||xx |||||||||||||| ||und|| | ||
| 040 | _cGE_BSU | ||
| 100 | _aეგაძე, ოთარ | ||
| 245 | _aმოთხრობები, ნოველები, ესეები | ||
| 245 | _cრედ.დევი სტურუა | ||
| 260 | _aთბილისი | ||
| 260 | _bხელოვნება | ||
| 260 | _c1986 | ||
| 300 | _a374გვ. ; 22სმ.. | ||
| 653 | _aგულშემატკივარი; სარკე; ფალავანი; განაჩენი; ჭაბუკი და ვეტერინარი; სინდისი; სამი გასროლილი ტყვია | ||
| 653 | _aმოთხრობები, ნოველები, ესეები | ||
| 653 | _aქორწილი მახათის მთაზე; ქართველის ქუჩა; შუშის თვალი; ბანქოს მაგიდა; საიდუმლოების კუნძული; პატარძალა ექიმი; ქორეოგრაფიული ნოველები; ნატო ვაჩნაძის საზოგადოებაში; | ||
| 942 | _cBK | ||
| 999 |
_c49971 _d49971 |
||